|
|
|
|
| LEADER |
00000nam0a2200000 4500 |
| 001 |
355600 |
| 005 |
20231102010818.0 |
| 035 |
|
|
|a (RuTPU)RU\TPU\retro\12860
|
| 090 |
|
|
|a 355600
|
| 100 |
|
|
|a 20200709d1944 k y0rusy50 ca
|
| 101 |
0 |
|
|a rus
|
| 102 |
|
|
|a RU
|
| 105 |
|
|
|a a z 100zy
|
| 200 |
1 |
|
|a Труды всесоюзной инструментальной конференции, 22-27 марта 1943 г.
|h Вып. 2
|i Конструирование режущего инструмента
|f СССР Народный комиссариат станкостроения
|
| 210 |
|
|
|a Москва
|c Машгиз
|d 1944
|
| 215 |
|
|
|a 80 с.
|c ил.
|
| 300 |
|
|
|a Подписано к печати 21/VIII 1944 г.
|
| 606 |
1 |
|
|a Режущие инструменты
|x Конструирование
|2 stltpush
|3 (RuTPU)RU\TPU\subj\24389
|9 48743
|
| 610 |
1 |
|
|a коллекция: 1941-1945 гг.
|
| 610 |
1 |
|
|a измерительный инструмент
|
| 610 |
1 |
|
|a стандартизация
|
| 610 |
1 |
|
|a боеприпасы
|
| 610 |
1 |
|
|a цилиндрические отверстия
|
| 610 |
1 |
|
|a расточка
|
| 610 |
1 |
|
|a расточные инструменты
|
| 610 |
1 |
|
|a глубокие отверстия
|
| 610 |
1 |
|
|a протягивание
|
| 610 |
1 |
|
|a зуборезные инструменты
|
| 610 |
1 |
|
|a протяжные инструменты
|
| 610 |
1 |
|
|a конференции
|
| 675 |
|
|
|a 621.9.02.001.66(063)
|v 4
|
| 712 |
0 |
2 |
|a СССР Народный комиссариат станкостроения
|2 stltpush
|3 (RuTPU)RU\TPU\col\27525
|
| 712 |
1 |
2 |
|a Инструментальная конференция
|e Москва
|f 1943
|
| 801 |
|
1 |
|a RU
|b 63413507
|c 20200709
|
| 801 |
|
2 |
|a RU
|b 63413507
|c 20200715
|g RCR
|
| 942 |
|
|
|c BK
|